| 000 | 00488 a2200169 4500 | ||
|---|---|---|---|
| 999 |
_c30243 _d30243 |
||
| 003 | NUST | ||
| 005 | 20180118115337.0 | ||
| 008 | 180118b xxu||||| |||| 00| 0 eng d | ||
| 020 | _a0471973939 | ||
| 020 | _a9780471973935 | ||
| 082 | _a536.7 | ||
| 100 | 1 |
_aKondepudi, Dilip. _98651 |
|
| 245 | 1 | 0 |
_aModern thermodynamics : _bfrom heat engines to dissipative structures / _cDilip Kondepudi, I. Prigogine. |
| 250 | _a1st ed. | ||
| 260 |
_a[S.l.] : _bJohn Wiley & Sons, _c1998. |
||
| 300 |
_a508 p. ; _c25 cm. |
||
| 700 | 1 |
_aPrigogine, I. _98652 |
|
| 942 |
_aSNS _cBK _k536.7 KON _2ddc |
||